LEADER 01014nam0-2200361---45-- 001 990000493020203316 005 19970919000000.0 035 $a0049302 035 $aUSA010049302 035 $a(ALEPH)000049302USA01 035 $a0049302 100 $a20001027d1961----km-y1itay0103----ba 101 $aita 102 $aIT 105 $aa|||||||001yy 200 1 $a<> nocciolo$fGiovanni Ricci Bitti 210 $aBologna$cEdagricole$d1961 215 $a44 p.$cill.$d19 cm. 225 2 $aUniversale Edagricole$v4 410 0$12001$aUniversale Edagricole$v4 606 $aNocciolo$xColtivazione 676 $a634.54 700 1$aRICCI BITTI,$bGiovanni$0353806 801 0$aIT$bUNPD$c19970919$gRICA 912 $a990000493020203316 951 $a634.54 RIC$b2696 Farm.$c634$d00073651 959 $aBK 969 $aFAR 979 $aJOHNNY$b90$c20010604$lUSA01$h1815 979 $c20020403$lUSA01$h1658 979 $aPATRY$b90$c20040406$lUSA01$h1634 996 $aNocciolo$9372401 997 $aUNISA LEADER 01316nam a2200349 i 4500 001 991000768129707536 005 20020507173336.0 008 970703s1997 de ||| | eng 020 $a3540547037 035 $ab10754568-39ule_inst 035 $aLE01302027$9ExL 040 $aDip.to Matematica$beng 082 0 $a515.982 084 $aAMS 00A20 084 $aAMS 30-02 084 $aAMS 30D 084 $aAMS 30G30 100 1 $aGonchar, A. A.$0534939 245 10$aComplex analysis I :$bentire and meromorphic functions, polyanalytic functions and their generalizations /$cA. A. Gonchar, V. P. Havin, N. K. Nikolski (eds.) 260 $aBerlin :$bSpringer-Verlag,$cc1997 300 $a261 p. ;$c24 cm. 490 0 $aEncyclopaedia of mathematical sciences,$x0938-0396 ;$v85 500 $aIncludes bibliographical references (p. 172-193) and index 650 0$aComplex analysis 700 1 $aHavin, Victor Petrovich 700 1 $aNikol?ski?, Nikola? Kapitonovich 907 $a.b10754568$b23-02-17$c28-06-02 912 $a991000768129707536 945 $aLE013 00A20 EMS11 V.85 (1997)$cV. 85$g1$i2013000087153$lle013$o-$pE0.00$q-$rl$s- $t0$u2$v1$w2$x0$y.i10848708$z28-06-02 996 $aComplex analysis I$9911272 997 $aUNISALENTO 998 $ale013$b01-01-97$cm$da $e-$feng$gde $h0$i1 LEADER 01772nas 2200589-a 450 001 996213712003316 005 20230227213019.0 011 $a2049-3258 035 $a(OCoLC)51110187 035 $a(CKB)110976725706806 035 $a(CONSER)--2006263079 035 $a(MiFhGG)4WGU 035 $a(MiAaPQ)4665242 035 $a(EXLCZ)99110976725706806 100 $a20021203a19909999 s-- a 101 0 $aeng 135 $aurcn||||||||| 181 $ctxt$2rdacontent 182 $cc$2rdamedia 183 $acr$2rdacarrier 200 10$aArchives of public health 210 $aBrussels $cArchives belges de médecine sociale" asbl 300 $aRefereed/Peer-reviewed 311 $a0778-7367 517 1 $aArchives belges de santé publique 517 1 $aBelgisch archief voor volksgezondheid 517 1 $aAPH 531 $aARCHIVES BELGES DE SANTE PUBLIQUE 531 $aARCH PUBLIC HEALTH 531 1 $aArch. public health 606 $aPublic health$vPeriodicals 606 $aPublic health$zBelgium$vPeriodicals 606 $aPublic Health 606 $aPublic health$2fast$3(OCoLC)fst01082238 607 $aBelgium 607 $aBelgium$2fast 608 $aPeriodical 608 $aFulltext. 608 $aInternet Resources. 608 $aPeriodicals. 608 $aPeriodicals.$2fast 608 $aPeriodicals.$2lcgft 615 0$aPublic health 615 0$aPublic health 615 2$aPublic Health 615 7$aPublic health. 712 02$aInstitut scientifique de la santé publique--Louis Pasteur (Belgium) 712 02$aBelgium.$bMinistère de la santé publique et de l'environnement. 906 $aJOURNAL 912 $a996213712003316 996 $aArchives of public health$92425269 997 $aUNISA